000 00291nam a22001217a 4500
020 _a1977616606
082 _222
_a005.13
100 _aFowler, Chad.
245 _aRails recipes /
260 _aNA
_bThe Pragmatic Programmers LLC,
_cc2006.
300 _axiii, 332 p. ;
_bill. ;
942 _2ddc
_cIT
999 _c4340
_d4340